000 00255nam a2200097Ia 4500
008 240331s9999 xx 000 0 und d
082 _bKAL
100 _aGovt. Translation Dep. ed
245 0 _aKalai chottroguthi Meiyeal baudeekawadeedam, :
_bi,ii
942 _cL
999 _c5406
_d5406